|
|
|
|
| LEADER |
00000nab a2200000 a 4500 |
| 001 |
vtls008416447 |
| 003 |
SK-MaSNL |
| 005 |
20260304175340.0 |
| 008 |
250505c2005 xo 0 slo |
| 015 |
|
|
|a SNBCL2005/5
|
| 035 |
|
|
|a SLK034722
|
| 035 |
|
|
|a urn:nbn:sk:snk-ab339f
|
| 035 |
|
|
|a (urnnbn)urn:nbn:sk:snk:ar-a05rwf
|
| 035 |
|
|
|a (uuid)2bf0fb99-4d10-41e4-af83-ac7e5dcdf176
|
| 040 |
|
|
|a SNKBUCL
|b slo
|c SNKBUCL
|e AACR2
|
| 041 |
0 |
|
|a slo
|
| 044 |
|
|
|a xo
|c SK
|
| 080 |
|
|
|a 616.12-008.331.1-07-08:061.3
|2 1981
|
| 245 |
0 |
0 |
|a Disperzia QT u hypertenzívnych diabetických a nediabetických pacientov so srdcovou slabosťou
|c A. Radman ... [et al.]
|
| 650 |
0 |
7 |
|a hypertenzia
|2 SNKPH
|9 2490
|
| 650 |
0 |
7 |
|a Dopplerova echokardiografia
|2 SNKPH
|9 29164
|
| 650 |
0 |
7 |
|a ambulantná elektrokardiografia
|2 SNK
|9 1435253
|
| 650 |
0 |
7 |
|a kongestívne zlyhanie srdca
|2 SNK
|9 60161
|
| 650 |
0 |
7 |
|a komplikácie
|2 SNK
|9 856653
|
| 650 |
0 |
7 |
|a diabetes mellitus
|2 SNKPH
|9 72741
|
| 650 |
0 |
7 |
|a diagnostika (medicína)
|2 SNKPH
|9 28740
|
| 650 |
0 |
7 |
|a antihypertenzívne látky
|2 SNK
|9 1439677
|
| 655 |
|
7 |
|a abstrakty z kongresu
|2 SNK
|9 115748
|
| 700 |
1 |
|
|a Radman, A.
|4 aut
|9 1134603
|
| 700 |
1 |
|
|a Murín, Ján,
|d 1949-
|4 aut
|9 192427
|
| 700 |
1 |
|
|a Hollá, M.
|4 aut
|9 555005
|
| 700 |
1 |
|
|a Bulas, Jozef,
|d 1951-
|4 aut
|9 8103
|
| 710 |
2 |
|
|a Slovenská hypertenziologická spoločnosť.
|b Pracovná konferencia
|n (20. :
|d 2005 :
|c Bratislava, Slovensko)
|4 aut
|9 105292
|
| 773 |
0 |
|
|t Kardiológia
|g Vol. 14, no. 4 (2005), s. K/C 136-137
|x 1210-0048
|
| 850 |
|
|
|a Slovenská národná knižnica
|
| 852 |
|
|
|a Slovenská národná knižnica
|
| 958 |
|
|
|a article27
|
| 958 |
|
|
|a OND
|
| 999 |
|
|
|c 3013113
|d 3015043
|